ROSAI & ACKERMAN'S SURGICAL PATHOLOGY 2 VOLUME SET (Record no. 23202)

MARC details
000 -LEADER
fixed length control field 00430nam a22001697a 4500
003 - CONTROL NUMBER IDENTIFIER
control field SGT
020 ## - INTERNATIONAL STANDARD BOOK NUMBER
International Standard Book Number 988131254950
082 ## - DEWEY DECIMAL CLASSIFICATION NUMBER
Classification number 616.07
Item number R18G
100 ## - MAIN ENTRY--PERSONAL NAME
Personal name GOLDBLUM, JOHN R.
245 ## - TITLE STATEMENT
Title ROSAI & ACKERMAN'S SURGICAL PATHOLOGY 2 VOLUME SET
250 ## - EDITION STATEMENT
Edition statement 1ST S.A.
260 ## - PUBLICATION, DISTRIBUTION, ETC. (IMPRINT)
Place of publication, distribution, etc INDIA
Name of publisher, distributor, etc ELSEVIER PUB
Year of Publication 2018
300 ## - PAGE DESCRIPTION
No. of Pages 933,2142
650 ## - SUBJECT ADDED ENTRY--TOPICAL TERM
Topical term or geographic name as entry element PATHOLOGY
653 ## - KEYWORDS--INDEX TERM
Keyword term ROSAI & ACKERMAN'S SURGICAL PATHOLOGY
942 ## - ADDED ENTRY ELEMENTS (KOHA)
Source of classification or shelving scheme Dewey Decimal Classification
Koha item type Books
Holdings
Withdrawn status Lost status Source of classification or shelving scheme Damaged status Not for loan Collection code Home library Current library Shelving location Date acquired Vendor Name Cost, normal purchase price Volume Information (Serial or Books or Non-Book Material) SGTU Bill Number Total Checkouts Full call number Accession No. (Barcode) Date last seen Bill Date Koha item type
    Dewey Decimal Classification   Not For Loan MEDICAL SGT Medical Library SGT Medical Library Reference Book 30/08/2022 ABC DELHI 23915.00 VOL-1 SGTU 14699   616.07 R18G FM13053 30/08/2022 30/06/2022 Books
    Dewey Decimal Classification   Not For Loan MEDICAL SGT Medical Library SGT Medical Library Reference Book 30/08/2022 ABC DELHI   VOL-2 SGTU 14699   616.07 R18G FM13054 30/08/2022 30/06/2022 Books